000 01207nam a2200385 i 4500
001 44949
003 KOSZ 005
005 20240405063147.0
008 041019s2000 pl f |000 0 pol d
020 _a837244174X
040 _cKOSZ 005/HR
041 0 _apol
046 _k2000
080 _a502(438)"1989/..."
080 _a658.14/.17(438)"1989/...)
080 _a(075.8)
100 1 _aManteuffel Szoege, Henryk
_d(1944-2013)
_eAutor
245 1 0 _aZarys problemów ekonomiki środowiska /
_cHenryk Manteuffel Szoege.
260 _aWarszawa :
_bWydaw. SGGW [Szkoły Głównej Gospodarstwa Wiejskiego],
_c2000.
300 _a163 s. :
_bil. ;
_c24 cm.
380 _aKsiążki
388 _a1901-2000
388 _a1989-2000
504 _aBibliogr.
648 7 _a1901-2000
648 7 _a1989-2000
650 7 _aOchrona środowiska
650 7 _aEkonomika
650 7 _aFinanse przedsiębiorstwa
651 _aPolska
655 _aPodręczniki akademickie
658 _aGospodarka, ekonomia, finanse
856 _uhttp://koha.tu.koszalin.pl/cgi-bin/koha/opac-detail.pl?biblionumber=44949
_yKatalog online BPK
942 _cKS
_2UKD
999 _c44949
_d44949